Statistics for Maths Quiz (Remainders)

Click here to take the quiz!

General Stats

  • This quiz has been taken 8 times
    (5 since last reset)
  • The average score is 4 of 10

Answer Stats

QuestionAnswer% Correct
The final digit of 7^20233
60%
The final digit of a 9-fingered civilisation writing the number 2023.7
60%
The remainder of the value when dividing n^3 + 1 by n+1, in terms of n (n is integer)0
40%
The remainder when working out the mean value of the factors of 10,000.11
40%
Remainder when x^2 + 2023 is divided by x - 1, for sufficiently large x2024
40%
What is the last non-zero digit of 20! ?4
40%
The largest non-square remainder of a square number divided by 115
40%
Remainder when 20 divides 2023^20229
40%
The largest power of 3 that divides 1234567891011...49503^1
20%
The type of sequence the remainders form for n>3 when you divide (n+1)^2 by n^2Arithmetic
20%

Score Distribution

Percentile by Number Answered

Percent of People with Each Score

Your Score History

You have not taken this quiz since the last reset